[Event "Arab Clubs-chT"]
[Site "Marrakesh"]
[Date "2014.05.28"]
[Round "6"]
[White "Taleb Mohamed, Ahmed"]
[Black "Khouri, Ahmed Abbas"]
[Result "1-0"]
[WhiteElo "2015"]
[BlackElo "2070"]
[PlyCount "59"]
[EventDate "2014.05.24"]
[EventType "team-swiss"]
[EventRounds "9"]
[EventCountry "MAR"]
[SourceTitle "EXT 2018"]
[Source "ChessBase"]
[SourceDate "2017.10.13"]
[SourceVersion "1"]
[SourceVersionDate "2017.10.13"]
[SourceQuality "1"]
[WhiteTeam "Karama"]
[BlackTeam "Abu Dhabi"]
[WhiteTeamCountry "MAU"]
[BlackTeamCountry "UAE"]

1. d4 Nf6 2. Nf3 g6 3. e3 Bg7 4. c4 d5 5. Nc3 0-0 6. Be2 c5 7. 0-0 cxd4 8. exd4 Nc6 9. h3 dxc4 10. Bxc4 e6 11. Re1 Na5 12. Bf1 b6 13. Bg5 h6 14. Bh4 Bb7 15. Ne5 Nc6 16. Qa4 Nb8 17. Rad1 g5 18. Bg3 Nd5 19. Ne4 a6 20. Qa3 Ne7 21. Nd6 Bd5 22. Bd3 Nbc6 23. Bb1 Nc8 24. Nxc6 Bxc6 25. d5 exd5 26. Qd3 f5 27. Nxf5 Qd7 28. Re7 Qxf5 29. Rxg7+ Kxg7 30. Qc3+ 1-0

[Event "Arab Clubs-chT"]
[Site "Marrakesh"]
[Date "2014.05.26"]
[Round "4"]
[White "Al Hajiri, Bader"]
[Black "Khouri, Ahmed Abbas"]
[Result "1-0"]
[WhiteElo "2095"]
[BlackElo "2070"]
[PlyCount "71"]
[EventDate "2014.05.24"]
[EventType "team-swiss"]
[EventRounds "9"]
[EventCountry "MAR"]
[SourceTitle "EXT 2018"]
[Source "ChessBase"]
[SourceDate "2017.10.13"]
[SourceVersion "1"]
[SourceVersionDate "2017.10.13"]
[SourceQuality "1"]
[WhiteTeam "Kuwait Mind Sports"]
[BlackTeam "Abu Dhabi"]
[WhiteTeamCountry "KUW"]
[BlackTeamCountry "UAE"]

1. e4 e5 2. Nf3 Nc6 3. Bb5 Nf6 4. 0-0 d6 5. Nc3 Be7 6. d4 exd4 7. Nxd4 Bd7 8. Be3 Nxd4 9. Qxd4 0-0 10. Rad1 Ng4 11. Bxd7 Nxe3 12. fxe3 Qxd7 13. Rf3 Qe6 14. Nd5 Bd8 15. Rdf1 c6 16. Nf4 Qe5 17. Qxe5 dxe5 18. Ne6 Bf6 19. Nxf8 Kxf8 20. Rd1 Ke7 21. Rf2 Bg5 22. Rd3 Ke8 23. Rfd2 Rd8 24. Kf2 Be7 25. Ke2 Rb8 26. Rd7 Bc5 27. R7d3 Bb4 28. c3 Ba5 29. b4 Bb6 30. c4 a5 31. c5 Bd8 32. a3 axb4 33. axb4 b6 34. cxb6 Bxb6 35. Rd6 Bd8 36. Rxc6 1-0

[Event "Calvia Amateur op 10th"]
[Site "Calvia"]
[Date "2013.10.11"]
[Round "7"]
[White "Manina, Ksenia"]
[Black "Khouri, Ahmed Abbas"]
[Result "1/2-1/2"]
[WhiteElo "1942"]
[BlackElo "2063"]
[PlyCount "93"]
[EventDate "2013.10.05"]
[EventType "swiss"]
[EventRounds "9"]
[EventCountry "ESP"]
[SourceTitle "EXT 2014"]
[Source "ChessBase"]
[SourceDate "2013.11.20"]
[SourceVersion "1"]
[SourceVersionDate "2013.11.20"]
[SourceQuality "1"]

1. e4 c5 2. Nf3 Nc6 3. Bb5 g6 4. Bxc6 dxc6 5. h3 Bg7 6. 0-0 Nf6 7. d3 Nd7 8. c3 e5 9. Bg5 f6 10. Be3 Qe7 11. Qd2 Nf8 12. d4 cxd4 13. cxd4 exd4 14. Bxd4 Ne6 15. Be3 0-0 16. Nc3 b6 17. Rfd1 Rd8 18. Qc2 Bb7 19. Rxd8+ Rxd8 20. Rd1 Bf8 21. Rxd8 Nxd8 22. Qa4 Bc8 23. Nd4 Qd7 24. Nce2 Kg7 25. Nf4 Bd6 26. Nfe2 a6 27. a3 Bb7 28. Nc3 Qe7 29. Nde2 b5 30. Qc2 Nf7 31. Bf4 Ne5 32. Qd2 Bc5 33. Bxe5 fxe5 34. Nc1 a5 35. Kh2 Bb6 36. Nd1 Bc8 37. Ne3 Qf6 38. Nd3 Qd6 39. Ng4 Bxg4 40. hxg4 c5 41. Qg5 Bc7 42. Ne1 c4 43. Nc2 Bb6 44. Ne3 Bxe3 45. Qxe3 Qd4 46. Qg5 Kf7 47. Qh4 1/2-1/2

[Event "Calvia Amateur op 10th"]
[Site "Calvia"]
[Date "2013.10.07"]
[Round "3"]
[White "Khouri, Ahmed Abbas"]
[Black "Khouri, Ibrahim Mohamed"]
[Result "1/2-1/2"]
[WhiteElo "2063"]
[BlackElo "2223"]
[PlyCount "39"]
[EventDate "2013.10.05"]
[EventType "swiss"]
[EventRounds "9"]
[EventCountry "ESP"]
[SourceTitle "EXT 2014"]
[Source "ChessBase"]
[SourceDate "2013.11.20"]
[SourceVersion "1"]
[SourceVersionDate "2013.11.20"]
[SourceQuality "1"]

1. e4 e5 2. Nf3 Nc6 3. Bb5 Nf6 4. d3 d6 5. 0-0 g6 6. d4 Bd7 7. dxe5 Nxe5 8. Bxd7+ Qxd7 9. Nxe5 dxe5 10. Qxd7+ Nxd7 11. Nc3 c6 12. Be3 Bc5 13. Bxc5 Nxc5 14. Rad1 Ke7 15. Rd2 Rad8 16. Rfd1 Rxd2 17. Rxd2 f5 18. f3 fxe4 19. Nxe4 Nxe4 20. fxe4 1/2-1/2

[Event "Calvia Amateur op 10th"]
[Site "Calvia"]
[Date "2013.10.06"]
[Round "2"]
[White "Khouri, Ahmed Abbas"]
[Black "Spence, David"]
[Result "1-0"]
[WhiteElo "2063"]
[BlackElo "2221"]
[PlyCount "85"]
[EventDate "2013.10.05"]
[EventType "swiss"]
[EventRounds "9"]
[EventCountry "ESP"]
[SourceTitle "EXT 2014"]
[Source "ChessBase"]
[SourceDate "2013.11.20"]
[SourceVersion "1"]
[SourceVersionDate "2013.11.20"]
[SourceQuality "1"]

1. e4 e6 2. Nf3 d5 3. e5 c5 4. b4 cxb4 5. a3 Nc6 6. axb4 Bxb4 7. c3 Be7 8. d4 f6 9. Bd3 Nh6 10. Bxh6 gxh6 11. 0-0 0-0 12. Qb3 fxe5 13. Nxe5 Nxe5 14. dxe5 Qc7 15. f4 Bd7 16. Qd1 Rf7 17. Qh5 Rg7 18. Kh1 Qb6 19. Ra2 Rf8 20. Raf2 Bc5 21. Rf3 Qb2 22. Rg3 Rxg3 23. hxg3 Bb5 24. Qf3 Bxd3 25. Qxd3 a6 26. Nd2 Qb6 27. f5 exf5 28. Rxf5 Qe6 29. Rxf8+ Bxf8 30. Nf3 b5 31. Qe3 Bg7 32. Qa7 Qc8 33. Qe7 Bf8 34. Qf6 Bg7 35. Qd6 Qxc3 36. Qxd5+ Kf8 37. Qd6+ Ke8 38. e6 Qc8 39. Nh4 Bf8 40. Qd5 Be7 41. Nf5 b4 42. Qe5 Bf8 43. e7 1-0

[Event "UAE President Cup"]
[Site "Abu Dhabi"]
[Date "2012.07.03"]
[Round "7"]
[White "Khouri, Ahmed Abbas"]
[Black "Ali, Abdulkhaleq"]
[Result "0-1"]
[WhiteElo "2073"]
[BlackElo "2072"]
[PlyCount "52"]
[EventDate "2012.06.28"]
[EventType "swiss"]
[EventRounds "9"]
[EventCountry "UAE"]
[SourceTitle "CBM 149 Extra"]
[Source "ChessBase"]
[SourceDate "2012.08.24"]
[SourceVersion "1"]
[SourceVersionDate "2012.08.24"]
[SourceQuality "1"]

1. e4 c6 2. d4 d5 3. Nc3 e6 4. Nf3 Nf6 5. Bg5 Be7 6. e5 Nfd7 7. h4 a6 8. Qd2 c5 9. Be3 Nc6 10. 0-0-0 c4 11. Ne2 b5 12. g4 b4 13. Bg5 Qa5 14. Bxe7 Qxa2 15. Qg5 Nxe7 16. Qxg7 Rg8 17. Qxh7 Nb6 18. c3 Rg6 19. Ng5 Na4 20. Qxf7+ Kd8 21. Kd2 bxc3+ 22. Ke3 cxb2 23. Bg2 Qb3+ 24. Kf4 c3 25. Qf8+ Kd7 26. Nh7 Bb7 0-1

[Event "Golden Sands Europe op 1st"]
[Site "Golden Sands"]
[Date "2012.06.06"]
[Round "3"]
[White "Khouri, Ahmed Abbas"]
[Black "Panbukchian, Valentin"]
[Result "0-1"]
[WhiteElo "2073"]
[BlackElo "2359"]
[PlyCount "120"]
[EventDate "2012.06.04"]
[EventType "swiss"]
[EventRounds "9"]
[EventCountry "BUL"]
[SourceTitle "CBM 148 Extra"]
[Source "ChessBase"]
[SourceDate "2012.06.22"]
[SourceVersion "1"]
[SourceVersionDate "2012.06.22"]
[SourceQuality "1"]

1. e4 d5 2. exd5 Qxd5 3. Nc3 Qd6 4. d4 Nf6 5. Nf3 a6 6. g3 Bg4 7. h3 Bxf3 8. Qxf3 c6 9. Qd3 e6 10. Bg2 Qc7 11. Bf4 Bd6 12. Bxd6 Qxd6 13. 0-0-0 Nbd7 14. Rhe1 0-0 15. Ne4 Qc7 16. Kb1 Rad8 17. Qe2 Rfe8 18. Nxf6+ Nxf6 19. Qe5 Qe7 20. c4 Kf8 21. g4 Qb4 22. b3 a5 23. Kb2 Nd7 24. Qh5 Nb6 25. Kc2 Nxc4 26. bxc4 Qxc4+ 27. Kb1 Qb4+ 28. Kc1 Rxd4 29. Rxd4 Qxe1+ 30. Kc2 Kg8 31. Rd2 e5 32. Qh4 Qa1 33. Kd3 Qd4+ 34. Ke2 Qc4+ 35. Ke1 h6 36. Qg3 e4 37. Qe3 h5 38. f3 Re6 39. fxe4 hxg4 40. hxg4 Re8 41. Qb3 Qc5 42. Ke2 Qe7 43. Rd1 g6 44. Rh1 Qe5 45. Qxb7 Rb8 46. Qxc6 Qg3 47. Rc1 Qxg2+ 48. Ke3 Qxg4 49. Qc7 Re8 50. Rc4 Qg1+ 51. Kd3 Qb1+ 52. Rc2 Qf1+ 53. Kd4 Qd1+ 54. Ke3 Qg1+ 55. Kd3 Qg4 56. Qc6 Rd8+ 57. Ke3 Qg3+ 58. Ke2 Rd3 59. e5 Re3+ 60. Kd2 Qe1# 0-1